00269nam a2200121Ia 45000030006000000080041000060400015000471000010000622450037000722600009001095460012001180050017001300STCL150530s9999 xx 000 0 und d aSTCLcSTCL aEliot aEliot waste land and other poems c1934 aEnglish20220125170919.0